SC Corinthians Squad 2025 - Statistics

General Stats
  • This quiz has been taken 372 times
    324 since last reset
  • The average score is 26 of 35
Answer Stats
# Position Nation Player % Correct
46 DF Brazil Hugo
98%
10 FW Netherlands Memphis Depay
98%
8 MF Argentina Rodrigo Garro
97%
9 FW Brazil Yuri Alberto
97%
1 GK Brazil Hugo Souza
94%
11 FW Paraguay Ángel Romero
93%
19 MF Peru André Carrillo
91%
3 DF Ecuador Félix Torres
91%
21 DF Brazil Matheus Bidu
89%
70 MF Venezuela José Martínez
88%
2 DF Brazil Matheuzinho
88%
5 DF Brazil André Ramalho
87%
- Coach Brazil Dorival Júnior
87%
13 DF Brazil Gustavo Henrique
86%
27 MF Brazil Breno Bidon
82%
32 GK Brazil Matheus Donelli
82%
22 FW Spain Héctor Hernández
78%
7 MF Brazil Maycon
78%
14 MF Brazil Raniele
77%
77 MF Italy Igor Coronado
74%
- Coach Argentina Ramón Díaz
73%
40 GK Brazil Felipe Longo
72%
6 DF Ecuador Diego Palacios
71%
25 DF Brazil Cacá
70%
26 DF Argentina Fabrizio Angileri
70%
43 FW Brazil Talles Magno
70%
35 MF Brazil Charles
64%
47 DF Brazil Tchoca
56%
37 MF Brazil Ryan
55%
80 MF Brazil Alex Santana
52%
33 DF Brazil Léo Mana
50%
51 GK Brazil Kauê
48%
31 FW Brazil Kayke
48%
17 FW Brazil Giovane
28%
- Coach Brazil Orlando Ribeiro
16%
No matching quizzes found
Score Distribution
Percent of People with Each Score
Percentile by Number Answered
Your Score History
You have not taken this quiz since the last reset